Title in the Lyrics -- Red Hot Chili Peppers - Statistics

General Stats
  • This quiz has been taken 2,628 times
  • The average score is 10 of 15
Answer Stats
Lyrics Title % Correct
It's understood that Hollywood / Sells _______________ Californication
95%
In between the cover of another perfect wonder and it's so white as ____ Snow
85%
The world I love / The tears I drop / To be part of / The wave _____ ____ Can't Stop
84%
_____ ___ ______ downtown / Is where I drew some blood / _____ ___ ______ downtown / I could not get enough Under the Bridge
82%
____ ______ that I wish you saw / Sarcastic mister know it all Scar Tissue
80%
With a name like ____ __________ / Day was gonna come when I was gonna mourn ya Dani California
79%
__ ___ ___ I tried to say / I'd be there, waiting for By The Way
72%
I've got to take it on the _________ / Take it on the _________ / Take it on / Take it on Otherside
69%
Give to me sweet sacred bliss / Your mouth was made to ____ __ ____ Suck My Kiss
68%
I know I know for sure / That life is beautiful ______ ___ _____ Around the World
62%
____ __ ____, ____ __ ____, ____ __ ____ now / I can't tell if I'm a kingpin or a pauper Give it Away
55%
____ __ ____ doop bodu / Bump de hump doop bop Hump de Bump
55%
I like pleasure spiked with pain / And music is my _________ / It's my _________ Aeroplane
54%
I got a bad disease / Up from my brain is where I bleed / Insanity it seems / It's got me by my ____ __ _______ Soul to Squeeze
50%
__ _______ are so distressed / And standing on / The brink of emptiness My Friends
35%
No matching quizzes found
Score Distribution
Percent of People with Each Score
Percentile by Number Answered
Your Score History
You have not taken this quiz